|
|
|
|
| LEADER |
00000nam a2200000 a 4500 |
| 001 |
UCG3592 |
| 003 |
CL-VaPUC |
| 008 |
100909e20041200CL |||||||||||||||||spa|d |
| 020 |
|
|
|a 9213226225
|
| 082 |
0 |
4 |
|a 330.98
|b CEP
|2 21
|
| 110 |
2 |
|
|a CEPAL
|e author
|9 552849
|
| 710 |
2 |
|
|a Comisión Económica para América Latina y el Caribe
|e author
|9 552850
|
| 245 |
1 |
0 |
|a Balance preliminar de la economía de América Latina y el Caribe 2004
|
| 250 |
|
|
|a 1a. ed
|
| 300 |
|
|
|a 169 p
|
| 942 |
|
|
|c BK
|
| 945 |
|
|
|d 20100909 00:00:00
|a dcastane
|
| 260 |
|
|
|a Santiago
|b CEPAL
|c 2004
|
| 650 |
|
7 |
|a DERECHO ECONOMICO SOCIAL
|2 CL-VaPUC
|9 552851
|
| 650 |
|
0 |
|a Economía
|9 255568
|
| 650 |
|
7 |
|a ESTADISTICAS SOCIOECONOMICAS
|2 CL-VaPUC
|9 346299
|
| 651 |
|
0 |
|a América Latina
|9 255027
|
| 583 |
|
|
|a last modification
|c 20100909 00:00:00
|k Rodrigo Vera
|
| 999 |
|
|
|c 342645
|d 342643
|
| 952 |
|
|
|0 0
|1 0
|4 0
|6 330_980000000000000_CEP_2004
|7 0
|8 A
|9 439048
|a BIBGIM
|b BIBGIM
|d 2019-11-22
|i 4717333
|o 330.98 CEP 2004
|p 4717333
|r 2025-01-15
|w 2019-11-22
|y BK
|k GIM
|